| 000 | 01061cam a2200301 a 4500 | ||
|---|---|---|---|
| 001 | 12605403 | ||
| 005 | 20170105102919.0 | ||
| 008 | 011203s2002 ctuaab b 001 0 eng | ||
| 010 | _a 2001098990 | ||
| 020 | _a0300095201 (cloth : alk. paper) | ||
| 020 | _a0300095198 (pbk. : alk. paper) | ||
| 035 | _a(DLC) 2001098990 | ||
| 040 |
_aDLC _cDLC |
||
| 042 | _apcc | ||
| 043 | _aa-af--- | ||
| 050 | 0 | 0 |
_aDS371.2 _b.R8 2002 |
| 082 | 0 | 0 |
_a958.104/5 _221 |
| 100 | 1 | _aRubin, Barnett R. | |
| 245 | 1 | 4 |
_aThe fragmentation of Afghanistan : _bstate formation and collapse in the international system / _cBarnett R. Rubin. |
| 250 | _a2nd ed. | ||
| 260 |
_aNew Haven, CT : _bYale University Press, _c2002. |
||
| 300 |
_axlu, 378 p. : _bill., maps ; _c25 cm. |
||
| 504 | _aIncludes bibliographical references (p. 349-365) and index. | ||
| 651 | 0 |
_aAfghanistan _xHistory _ySoviet occupation, 1979-1989. |
|
| 906 |
_a7 _bcbc _corignew _d2 _eepcn _f20 _gy-gencatlg |
||
| 942 |
_2ddc _cBK |
||
| 999 |
_c15509 _d15509 |
||